00285nam a2200109Ia 4500008004100000082001700041100002000058245004000078250000800118260003200126650001700158150201s2007 xx 000 0 und d a616.01bM07M aMURRY,PATRICK R aMANUAL OF CLINICAL MICRIOBIOLOGY-II a9TH bASM PRESSaWASHINGTONc2007 aMICROBIOLOGY